000 01067nam a2200265Ia 4500
003 OSt
005 20221005110326.0
006 a|||||r|||| 00| 0
007 ta
008 221004b |||||||| |||| 00| 0 hin d
020 _a8186565566 (hbk)
_c300
024 _a97402
037 _b431, 25/03/2009, Swaraj Prakashan
_cTextual
040 _aCRL
_cCRL
_bhin
041 _2hin
_ahin
082 _a4:(Y), 152P1
100 _aपारख, जवरीमल्ल
245 0 _aजनसंचार के सामाजिक संदर्भ
246 _aJanasanchār ke sāmājik sandarbha
260 _aनई दिल्ली
_bअनामिका पब्लिशर्स एण्ड डिस्ट्रीब्यूटर्स प्रा. लिमिटेड भारत
_c2001
300 _a206पृ0
_ccm.
650 _aहिन्दी पत्रकारिता
942 _h4:(Y), 152P1
_cTEXL
_2cc
999 _c1018463
_d1018463